| 000 | 01061cam a2200325 a 4500 | ||
|---|---|---|---|
| 999 |
_c401 _d401 |
||
| 001 | .b11404875 | ||
| 003 | UkOxU | ||
| 005 | 20190809102713.0 | ||
| 008 | 020620s1990 sp a b 000 d spa d | ||
| 020 | _a8437601215 (pbk.) : | ||
| 020 | _a9788437601212 (pbk.) : | ||
| 040 |
_aTW-KhWUC _cKH8 |
||
| 041 | 0 | _aspa | |
| 042 | _anbic | ||
| 044 | _asp | ||
| 082 | 0 | _a862 CAL | |
| 090 |
_a862.3 _bC146Al(1) |
||
| 100 | 1 |
_aCalderón de la Barca, Pedro, _d1600-1681. _eauthor |
|
| 245 | 1 | 3 |
_aEl alcalde de Zalamea / _cCalderón de la Barca ; edición de A. J. Valbuena Briones. |
| 250 | _a19a ed. | ||
| 260 |
_aMadrid : _bCátedra, _c2003. |
||
| 300 |
_a200 p. : _bil. ; _c18 cm. |
||
| 440 | 0 |
_aLetras Hispanicas ; _v67. |
|
| 504 | _aIncluye referencias bibliográficas (p. 53-54) | ||
| 600 | 1 | 0 |
_aCalderón de la Barca, Pedro, _d1600-1681 _xCriticism and interpretation. |
| 650 |
_aTeatro español _y1500-1700 (Período clásico) |
||
| 650 | 0 |
_aSpanish drama _yClassical period, 1500-1700. |
|
| 700 | 1 |
_aValbuena Briones, Ángel. _eEditor |
|
| 942 |
_2ddc _cNFIC |
||